Estado y religión: textos para una reflexión crítica
Bewaard in:
| Hoofdauteur: | |
|---|---|
| Andere auteurs: | |
| Formaat: | Boek |
| Taal: | Spaans |
| Gepubliceerd in: |
Barcelona
Ariel
2000
|
| Editie: | 1a. ed |
| Reeks: | Ariel Derecho
|
| Onderwerpen: | |
| Tags: |
Voeg label toe
Geen labels, Wees de eerste die dit record labelt!
|
MARC
| LEADER | 00000cam a2200000 a 4500 | ||
|---|---|---|---|
| 001 | UCM9309 | ||
| 003 | CL-VaPUC | ||
| 008 | 030417e20000000SP |||||||||||||||||spa|d | ||
| 020 | |a 8434416484 | ||
| 082 | 0 | 4 | |a 262.9 |b NAV |2 21 |
| 100 | |a Navarro-Valls, Rafael |e autor |9 475788 | ||
| 700 | |a Palomino Lozano, Rafael |e autor |9 475789 | ||
| 245 | 1 | 0 | |a Estado y religión: textos para una reflexión crítica |
| 250 | |a 1a. ed | ||
| 300 | |a 380 p | ||
| 942 | |c BK | ||
| 945 | |d 20030417 00:00:00 |a cmena | ||
| 260 | |a Barcelona |b Ariel |c 2000 | ||
| 650 | 0 | |a Derecho eclesiástico |9 255055 | |
| 650 | 7 | |a DERECHO CANONICO |2 CL-VaPUC |9 475790 | |
| 650 | 0 | |a Iglesia y Estado |9 254995 | |
| 650 | 0 | |a Historia de la iglesia |9 257565 | |
| 583 | |a last modification |c 20160714 10:20:27 |k Rodrigo Vera | ||
| 490 | 0 | |a Ariel Derecho | |
| 999 | |c 303630 |d 303628 | ||
| 952 | |0 0 |1 0 |4 0 |6 262_900000000000000_NAV_2000 |7 0 |8 DER_HDC |9 365092 |a BIBDER |b BIBDER |d 2019-11-21 |i 3897389 |o 262.9 NAV 2000 |p 3897389 |r 2023-01-25 |w 2019-11-21 |x Ubicación 4to Piso |y BK |z Estos recursos deben solicitarse con anticipación |k DER | ||
| 952 | |0 0 |1 0 |3 erb |4 0 |6 262_900000000000000_NAV_2000 |7 0 |8 A |9 365093 |a FDOHBE |b FDOHBE |e Huesbe Llanos, Marco Antonio, 1934- |i 5307732 |o 262.9 NAV 2000 |p 5307732 |r 2024-01-30 |w 2019-11-21 |y BK |z Catalogado en:20160717 |k HBE | ||